[Event "Junior Online 4NCL Division 4"]
[Site "online"]
[Date "2022.03.03"]
[EventDate "2022.03.03"]
[Round "4.153"]
[White "Trim, Xanthe"]
[WhiteElo "775"]
[WhiteTeam "Edgware Gambits J"]
[Black "Rahmani, Kasra"]
[BlackElo "800"]
[BlackTeam "The Hall 3"]
[Result "1-0"]
[PlyCount "47"]

1. d4 d5 2. e3 Nf6 3. c3 Nc6 4. Nf3 Bf5 5. Nbd2 e6 6. Bb5 Qd7 7. Ne5 a6 8. Nxd7 Kxd7 9. Ba4 Ne4 10. Nf3 Be7 11. Ne5+ Ke8 12. Nxc6 Bh4 13. O-O Bxf2+ 14. Kh1 Bg4 15. Qxg4 bxc6 16. Bxc6+ Ke7 17. Bxa8 Rxa8 18. Qxg7 Rf8 19. Qxh7 Ng5 20. Qg7 Nh7 21. Qxh7 Rd8 22. Rxf2 Rd6 23. Rxf7+ Kd8 24. Qh8# 1-0

[Event "Junior Online 4NCL Division 4"]
[Site "online"]
[Date "2022.03.03"]
[EventDate "2022.03.03"]
[Round "4.155"]
[White "Sethia, Aditey"]
[WhiteElo "1207"]
[WhiteTeam "The Hall 3"]
[Black "Szajman, Noah"]
[BlackElo "714"]
[BlackTeam "Edgware Gambits J"]
[Result "1-0"]
[PlyCount "59"]

1. d4 d5 2. c4 dxc4 3. e4 e5 4. d5 Nf6 5. Nc3 Bb4 6. Qa4+ Bd7 7. Qxb4 Qe7 8. Qxb7 Qd6 9. Qxa8 Qb6 10. Bxc4 O-O 11. Nf3 Ne8 12. Nxe5 Bc8 13. Na4 Qb4+ 14. Nc3 Nd6 15. Bb3 Bb7 16. Qxa7 Nb5 17. Qxb7 Nd4 18. Qxb4 Nxb3 19. Qxb3 c6 20. Nxc6 Nxc6 21. dxc6 Rc8 22. Qb7 Re8 23. Qd7 Kf8 24. c7 Re7 25. Qxe7+ Kxe7 26. c8=Q g5 27. Nd5+ Kd6 28. Qf5 Kc5 29. Ne3+ Kd4 30. Qd5# 1-0

[Event "Junior Online 4NCL Division 4"]
[Site "online"]
[Date "2022.03.03"]
[EventDate "2022.03.03"]
[Round "4.157"]
[White "Rahmani, Kasra"]
[WhiteElo "800"]
[WhiteTeam "The Hall 3"]
[Black "Trim, Xanthe"]
[BlackElo "775"]
[BlackTeam "Edgware Gambits J"]
[Result "0-1"]
[PlyCount "40"]

1. d4 d5 2. Nc3 Nf6 3. Nf3 Nc6 4. Qd3 Bg4 5. Ne4 dxe4 6. Qc4 exf3 7. gxf3 Be6 8. Qb4 Nxb4 9. e4 Nxc2+ 10. Ke2 Nxa1 11. d5 Bxd5 12. exd5 Nxd5 13. Rg1 c5 14. Be3 Qb6 15. Rg4 Qxb2+ 16. Bd2 Nc3+ 17. Ke3 Rd8 18. Rb4 Qxb4 19. Bc1 Qb1 20. a3 Qxc1# 0-1

[Event "Junior Online 4NCL Division 4"]
[Site "online"]
[Date "2022.03.03"]
[EventDate "2022.03.03"]
[Round "4.161"]
[White "Kantaria, Shivam"]
[WhiteElo "926"]
[WhiteTeam "Edgware Gambits G"]
[Black "Clegg, Anya"]
[BlackElo "1142"]
[BlackTeam "Knights of Fishponds"]
[Result "1-0"]
[PlyCount "103"]

1. e4 e5 2. Nf3 Nc6 3. d4 exd4 4. Nxd4 Nxd4 5. Qxd4 Nf6 6. e5 Qe7 7. Be2 Qb4+ 8. Qxb4 Bxb4+ 9. c3 Bxc3+ 10. Nxc3 Ng8 11. O-O d6 12. exd6 cxd6 13. Re1 a6 14. Nd5 Kd8 15. b3 Ne7 16. Nxe7 Kxe7 17. Bxa6+ Kd8 18. Bc4 f6 19. Bf7 Rf8 20. Bh5 Bf5 21. Rd1 Kc7 22. Bf4 Ra6 23. Be2 Rb6 24. Rac1+ Kd7 25. Rd2 Ke7 26. Rcd1 Rd8 27. Re1 d5 28. Bg4+ Be6 29. Rde2 Kf7 30. Bxe6+ Kf8 31. Bf5 g6 32. Bd3 Kf7 33. Re7+ Kg8 34. Bc7 Rbd6 35. Bxd6 Rxd6 36. Rc1 Rd8 37. Rcc7 f5 38. Rg7+ Kh8 39. Rxh7+ Kg8 40. Rxb7 Re8 41. Rbg7+ Kf8 42. Rh8+ Kxg7 43. Rxe8 Kf6 44. Rd8 Ke6 45. a3 Ke5 46. a4 Kd4 47. Bxf5 gxf5 48. a5 Ke4 49. a6 d4 50. a7 Kd3 51. Rxd4+ Kxd4 52. a8=Q 1-0

[Event "Junior Online 4NCL Division 4"]
[Site "online"]
[Date "2022.03.03"]
[EventDate "2022.03.03"]
[Round "4.162"]
[White "Gunatilake, Avishka"]
[WhiteElo "1067"]
[WhiteTeam "Knights of Fishponds"]
[Black "Simmons, Keaton"]
[BlackElo "925"]
[BlackTeam "Edgware Gambits G"]
[Result "0-1"]
[PlyCount "20"]

1. e4 e5 2. Nf3 Nc6 3. Nc3 Nf6 4. Bc4 Bc5 5. d3 O-O 6. Bg5 d6 7. Bxf6 Qxf6 8. Nd5 Qg6 9. Bb5 Qxg2 10. Rg1 Qxf2# 0-1

[Event "Junior Online 4NCL Division 4"]
[Site "online"]
[Date "2022.03.03"]
[EventDate "2022.03.03"]
[Round "4.163"]
[White "Vijayadeva, Ishani"]
[WhiteElo "1000"]
[WhiteTeam "Edgware Gambits G"]
[Black "Tyagi , Medhansh"]
[BlackElo "1000"]
[BlackTeam "Knights of Fishponds"]
[Result "0-1"]
[PlyCount "42"]

1. e4 e5 2. Nf3 Nc6 3. Nc3 Nf6 4. Bc4 h6 5. O-O Bc5 6. h3 O-O 7. d3 d6 8. b3 a6 9. Bb2 b5 10. Bd5 Nxd5 11. Nxd5 Be6 12. Nc3 Qd7 13. h4 f5 14. exf5 Bxf5 15. h5 Bg4 16. Ne4 Bd4 17. Bxd4 Nxd4 18. a3 Nxf3+ 19. gxf3 Bxf3 20. Qd2 Qh3 21. Rfe1 Qg2# 0-1

[Event "Junior Online 4NCL Division 4"]
[Site "online"]
[Date "2022.03.03"]
[EventDate "2022.03.03"]
[Round "4.164"]
[White "Huke, Senna"]
[WhiteElo "850"]
[WhiteTeam "Knights of Fishponds"]
[Black "Mehta, Aanya"]
[BlackElo "1000"]
[BlackTeam "Edgware Gambits G"]
[Result "0-1"]
[PlyCount "44"]

1. d4 e6 2. e4 e5 3. dxe5 Bc5 4. Bc4 Bb6 5. Nf3 Qe7 6. Nc3 Qc5 7. O-O f6 8. Bxg8 d6 9. exd6 Rxg8 10. Re1 f5 11. exf5+ Kf8 12. Qe2 g6 13. Qe8+ Kg7 14. Qe2 gxf5 15. Be3 Qxd6 16. Bxb6 cxb6 17. Rad1 Qg6 18. Nh4 Qg5 19. Nf3 Qg6 20. Ne5 Qg5 21. Nd5 Kh8 22. Nc4 Qxg2# 0-1

[Event "Junior Online 4NCL Division 4"]
[Site "online"]
[Date "2022.03.03"]
[EventDate "2022.03.03"]
[Round "4.165"]
[White "Clegg, Anya"]
[WhiteElo "1142"]
[WhiteTeam "Knights of Fishponds"]
[Black "Kantaria, Shivam"]
[BlackElo "926"]
[BlackTeam "Edgware Gambits G"]
[Result "0-1"]
[PlyCount "72"]

1. d4 d5 2. e3 Bf5 3. Bd3 Bxd3 4. Qxd3 Nc6 5. Nc3 Nb4 6. Qd2 Nf6 7. Nf3 e6 8. a3 Nc6 9. Qd3 Bd6 10. O-O O-O 11. e4 dxe4 12. Nxe4 Nxe4 13. Qxe4 Qe7 14. c3 Rae8 15. Bd2 e5 16. d5 Na5 17. Rae1 Nb3 18. Qc2 Nxd2 19. Qxd2 Qf6 20. Qd3 Qh6 21. h3 Qf4 22. Re4 Qf6 23. Rfe1 g6 24. Qe3 Rd8 25. Qxa7 b6 26. Qb7 Rb8 27. Qc6 Be7 28. Qxc7 Bd6 29. Qc4 b5 30. Qd3 Qf5 31. Nh4 Qf6 32. R1e3 Bc5 33. Rf3 Qg5 34. Rg3 Qc1+ 35. Kh2 Bxf2 36. Rf3 Qg1# 0-1

[Event "Junior Online 4NCL Division 4"]
[Site "online"]
[Date "2022.03.03"]
[EventDate "2022.03.03"]
[Round "4.166"]
[White "Simmons, Keaton"]
[WhiteElo "925"]
[WhiteTeam "Edgware Gambits G"]
[Black "Gunatilake, Avishka"]
[BlackElo "1067"]
[BlackTeam "Knights of Fishponds"]
[Result "0-1"]
[PlyCount "110"]

1. e4 e5 2. Nf3 Nc6 3. Bc4 Nf6 4. Ng5 d5 5. Bxd5 Nxd5 6. exd5 Qxg5 7. dxc6 bxc6 8. O-O c5 9. Qe2 Bb7 10. f3 Bc8 11. Qb5+ Kd8 12. Qxc5 Bh3 13. Qd5+ Bd6 14. Qxa8+ Kd7 15. f4 Bc5+ 16. Kh1 Qxg2+ 17. Qxg2 Bxg2+ 18. Kxg2 exf4 19. Rxf4 Re8 20. Rxf7+ Kc8 21. Rxg7 Re2+ 22. Kf3 Re1 23. Rg5 Bd6 24. Rd5 Rxc1 25. Rxd6 cxd6 26. b4 Rxc2 27. Ke4 Rc4+ 28. Kd5 Rxb4 29. a3 Rb2 30. Nc3 Kd7 31. d4 Rxh2 32. Nb5 a6 33. Nxd6 Rh6 34. Rb1 Rxd6+ 35. Kc5 Ke6 36. Rb6 Rxb6 37. Kxb6 h5 38. Kc5 Kd7 39. d5 h4 40. d6 h3 41. a4 h2 42. Kd5 h1=Q+ 43. Ke5 Qc6 44. Kd4 Qxd6+ 45. Kc4 Qc6+ 46. Kb4 Qb6+ 47. Kc4 a5 48. Kc3 Qc6+ 49. Kb3 Qb6+ 50. Ka3 Qb4+ 51. Ka2 Kd6 52. Ka1 Kc5 53. Ka2 Kc4 54. Ka1 Kc3 55. Ka2 Qb2# 0-1

[Event "Junior Online 4NCL Division 4"]
[Site "online"]
[Date "2022.03.03"]
[EventDate "2022.03.03"]
[Round "4.167"]
[White "Tyagi , Medhansh"]
[WhiteElo "1000"]
[WhiteTeam "Knights of Fishponds"]
[Black "Vijayadeva, Ishani"]
[BlackElo "1000"]
[BlackTeam "Edgware Gambits G"]
[Result "1-0"]
[PlyCount "31"]

1. d4 d5 2. c4 e5 3. cxd5 exd4 4. Qxd4 Bd6 5. Nc3 Nf6 6. e4 O-O 7. Nf3 h6 8. Qd1 Bg4 9. Bd3 a6 10. h3 Bd7 11. e5 Nxd5 12. Nxd5 Bc5 13. O-O a5 14. Bc2 Nc6 15. Qd3 Nb4 16. Qh7# 1-0

[Event "Junior Online 4NCL Division 4"]
[Site "online"]
[Date "2022.03.03"]
[EventDate "2022.03.03"]
[Round "4.168"]
[White "Mehta, Aanya"]
[WhiteElo "1000"]
[WhiteTeam "Edgware Gambits G"]
[Black "Huke, Senna"]
[BlackElo "850"]
[BlackTeam "Knights of Fishponds"]
[Result "0-1"]
[PlyCount "52"]

1. e3 c5 2. Bc4 g6 3. Qe2 Bg7 4. Bb3 Nf6 5. Qc4 e6 6. f4 Nc6 7. Qxc5 d6 8. Qc3 Bd7 9. a3 O-O 10. Qd3 Bc8 11. c3 Na5 12. Bc2 b6 13. e4 d5 14. f5 gxf5 15. exf5 exf5 16. g4 Qe8+ 17. Ne2 Qe4 18. Qh3 Qxh1+ 19. Kf2 fxg4 20. Qh4 Ne4+ 21. Ke3 Re8 22. Ng3 Qxc1 23. Nxe4 Qxc2 24. Qg5 dxe4 25. c4 Nb3 26. Ra2 Qxb1 0-1